| 000 | 00518nam a2200181 a 4500 | ||
|---|---|---|---|
| 005 | 20140412111422.0 | ||
| 008 | 080122s19uu xx 00 eng d | ||
| 020 | _a978-971-0417-64-3 | ||
| 050 |
_aTR(GS 372.4 _bP56 2007 |
||
| 245 | _aPhonics. | ||
| 260 |
_aPhilippines : _bStraight Lines International, _c2007. |
||
| 440 | _aJunior Academic Series | ||
| 500 | _aKindergarten. vol.2 | ||
| 650 | _aVowel and consonants | ||
| 650 | _aBeginning sounds | ||
| 650 | _aCapital and lowercase letters | ||
| 999 |
_c106081 _d106081 |
||